00429nam a22001457a 450000500170000000800410001702000340005804100130009208200130010510000130011824500520013126000450018330000290022865000260025720231204144339.0231204b |||||||| |||| 00| 0 eng d a9780409125313 ; 9780409125313 aEnglish  a349 JOU  lEnglish  aThe Law of South Africa / cedited by JA Faris  aDurban : bLexisNexis (Pty) Ltd, c2016  bxv, 484 pages ;c26 cm.  aLegal practice bLaw